Diccionario Secreto 2
| Main Author: | |
|---|---|
| Format: | Section = Libro |
| Language: | Undetermined Spanish |
| Published: |
España
Alianza
1971
|
| Subjects: |
| LEADER | 00449nam a2200181Ia 4500 | ||
|---|---|---|---|
| 008 | 240830s9999 xx 000 0 und d | ||
| 020 | |a 84-206-1506-4 | ||
| 040 | |a B-ESTELÍ- RUACS / Ref 463 C392 | ||
| 041 | |a spa | ||
| 082 | |a Ref 463 C392 | ||
| 100 | 1 | |a Cela, Camilo José | |
| 245 | 1 | 0 | |a Diccionario Secreto 2 |
| 260 | |a España |b Alianza |c 1971 | ||
| 300 | |a 599 p | ||
| 650 | 7 | |a DICCIONARIO ESPAÑOL | |
| 942 | |c BK |2 ddc | ||
| 991 | |a TEXTO | ||
| 999 | |c 11743 | ||